000 00664nam a2200253Ia 4500
005 20250425160704.0
008 250425s9999 xx 000 0 und d
020 _a9978860061
041 _aspa
043 _aec
082 _a928.866
100 _aDONOSO, JULIO TOBAR
245 0 _aHISTORIADORES Y CRONISTAS DE LAS MISIONES
250 _a1A ED.
260 _aEcuador
_bCORPORACION DE ESTUDIOS Y PUBLICACIONES
_c1989
260 _aQUITO
300 _a506
650 _aCRONISTAS ECUATORIANOS
650 _aCRONISTAS ECUATORIANOS
650 _aHISTORIADORES ECUATORIANOS
650 _aHISTORIADORES ECUATORIANOS
942 _c01
010 _a2345
999 _c194139
_d194139